বাংলাদেশ আওয়ামী লীগের নীতি ও কৌশল : (Record no. 40368)
[ view plain ]
| 000 -LEADER | |
|---|---|
| fixed length control field | 01122nam a2200229 a 4500 |
| 001 - CONTROL NUMBER | |
| control field | 40368 |
| 003 - CONTROL NUMBER IDENTIFIER | |
| rucl marc code | BD-RjUL |
| 005 - DATE AND TIME OF LATEST TRANSACTION | |
| control field | 20211209053211.0 |
| 008 - FIXED-LENGTH DATA ELEMENTS--GENERAL INFORMATION | |
| fixed length control field | 160430r20151996bg a||| |||| 00| 0 ben d |
| 020 ## - INTERNATIONAL STANDARD BOOK NUMBER | |
| Terms of availability | :TK. 100.00 |
| 035 ## - SYSTEM CONTROL NUMBER | |
| System control number | (BD-RjUL)40483 |
| 040 ## - CATALOGING SOURCE | |
| Original cataloging agency | BD-RjUL |
| Language of cataloging | ben |
| Transcribing agency | BD-RjUL |
| 041 ## - LANGUAGE CODE | |
| Language code of text/sound track or separate title | ben |
| 082 ## - DEWEY DECIMAL CLASSIFICATION NUMBER | |
| Edition number | 23 |
| Classification number | 324.25492083 |
| Author mark and year | AWA 2015 |
| 245 10 - TITLE STATEMENT | |
| Title | বাংলাদেশ আওয়ামী লীগের নীতি ও কৌশল : |
| Remainder of title | শিল্পায়ন ও অভ্যন্তরীণ সম্পদ সমাবেশ / |
| Statement of responsibility, etc. | সৈয়দ আবুল হোসেন |
| 260 ## - PUBLICATION, DISTRIBUTION, ETC. (IMPRINT) | |
| Place of publication, distribution, etc. | ঢাকা : |
| Name of publisher, distributor, etc. | আব্দুল কাদের, |
| Date of publication, distribution, etc. | ১৯৯৬ [মুদ্রণ ২০১৫, ২০১৭] |
| 300 ## - PHYSICAL DESCRIPTION | |
| Pagination | [৪] ১০২ পৃ. : |
| Illustrations | চিত্র. ; |
| Size | ২৪ সেমি. |
| 650 ## - SUBJECT ADDED ENTRY--TOPICAL TERM | |
| Topical term or geographic name as entry element | আওয়ামী লীগ |
| General subdivision | রাজনীতি ও সরকার |
| Geographic subdivision | বাংলাদেশ |
| 9 (RLIN) | 124358 |
| Topical term or geographic name as entry element | Awami League |
| General subdivision | Politics and Government |
| Geographic subdivision | Bangladesh |
| 9 (RLIN) | 124359 |
| 700 ## - ADDED ENTRY--PERSONAL NAME | |
| Personal name | হোসেন, সৈয়দ আবুল সম্পাদক |
| 942 ## - ADDED ENTRY ELEMENTS (KOHA) | |
| Source of classification or shelving scheme | Dewey Decimal Classification |
| Koha item type | Books |
| Lost status | Source of classification or shelving scheme | Damaged status | Not for loan | Collection code | Permanent Location | Current Location | Shelving location | Date acquired | Source of acquisition | Cost, normal purchase price | Total Checkouts | Full call number | Date last seen | Copy number | Koha item type |
|---|---|---|---|---|---|---|---|---|---|---|---|---|---|---|---|
| Dewey Decimal Classification | Not For Loan | Non-fiction | Central Library, University of Rajshahi | Central Library, University of Rajshahi | Reading Room | 11/02/2016 | RUCL | 100.00 | B 324.25492083 AWA 2015 | 30/04/2016 | C-1 | Books | |||
| Dewey Decimal Classification | Not For Loan | Non-fiction | Central Library, University of Rajshahi | Central Library, University of Rajshahi | 28/05/2017 | Author | 100.00 | B 324.25492083 AWA 2017 | 08/10/2020 | C-2 | Books |